|
|
|
|
| LEADER |
00000nam0a2200000 4500 |
| 001 |
211524 |
| 005 |
20231101225703.0 |
| 035 |
|
|
|a (RuTPU)RU\TPU\book\231087
|
| 090 |
|
|
|a 211524
|
| 100 |
|
|
|a 20120315d1959 m y0rusy50 ca
|
| 101 |
0 |
|
|a rus
|
| 102 |
|
|
|a RU
|
| 105 |
|
|
|a a z 001zd
|
| 200 |
1 |
|
|a Доклады совещания по общим вопросам биологии, посвященного столетию дарвинизма
|f Томский государственный университет (ТГУ) ; отв. ред. Б. Г. Иоганзен
|
| 210 |
|
|
|a Томск
|c Изд-во Томского ун-та
|d 1959
|
| 215 |
|
|
|a 310 с.
|c ил.
|
| 320 |
|
|
|a Библиогр. в конце ст.
|
| 600 |
|
1 |
|a Дарвин
|g Чарльз Роберт
|c английский естествоиспытатель
|f 1809-1882
|b Ч. Р.
|2 stltpush
|3 (RuTPU)RU\TPU\pers\1166
|
| 600 |
|
1 |
|a Мечников
|b И. И.
|f 1845-1916
|g Илья Ильич
|c российский биолог
|c патолог
|2 stltpush
|3 (RuTPU)RU\TPU\pers\3917
|
| 606 |
1 |
|
|a Биология
|2 stltpush
|3 (RuTPU)RU\TPU\subj\68258
|9 83692
|
| 610 |
1 |
|
|a дарвинизм
|
| 610 |
1 |
|
|a философские вопросы
|
| 610 |
1 |
|
|a кибернетика
|
| 610 |
1 |
|
|a периодизация
|
| 610 |
1 |
|
|a классификация
|
| 610 |
1 |
|
|a видообразование
|
| 610 |
1 |
|
|a дивергенция
|
| 610 |
1 |
|
|a естественный отбор
|
| 610 |
1 |
|
|a растения
|
| 610 |
1 |
|
|a поведение
|
| 610 |
1 |
|
|a Байкал
|
| 610 |
1 |
|
|a фауна
|
| 610 |
1 |
|
|a организмы
|
| 610 |
1 |
|
|a среда
|
| 610 |
1 |
|
|a грибы
|
| 610 |
1 |
|
|a Томская область
|
| 610 |
1 |
|
|a клещевой энцефалит
|
| 610 |
1 |
|
|a паразитоценоз
|
| 610 |
1 |
|
|a внешняя среда
|
| 610 |
1 |
|
|a Урал
|
| 610 |
1 |
|
|a гибридизация
|
| 675 |
|
|
|a 57(063)
|v 3
|
| 702 |
|
1 |
|a Иоганзен
|b Б. Г.
|4 340
|
| 712 |
0 |
2 |
|a Томский государственный университет (ТГУ)
|2 stltpush
|3 (RuTPU)RU\TPU\col\397
|
| 801 |
|
1 |
|a RU
|b 63413507
|c 20120315
|
| 801 |
|
2 |
|a RU
|b 63413507
|c 20121008
|g RCR
|
| 942 |
|
|
|c BK
|